Emušáci. Pája a bleší cirkus /

Hlavní autor: Dostálová, Michaela
Další autoři: Lenderová, Michala, 1981-, Schillerová, Radka, Ševčíková, Tereza, Bergmannová, Anna, 1993-
Jazyk: Čeština
Vydáno: Praha : Scio, 2019
Vydání: Vydání: první
Témata:
Fyzický popis: 125 stran : barevné ilustrace ; 26 cm + 2 plyšové hračky + 4 plyšové blechy v látkovém pytlíku
Knihy
Uloženo v:
LEADER 02655cam a2200685 i 4500
001 nkc20203178789
003 CZ PrNK
005 20250620093544.0
007 ta
008 200225s2019 xr a a f 000 0 cze d
015 |a cnb003178789 
020 |a 978-80-7430-180-3  |q (vázáno) :  |c neprodejné 
035 |a (OCoLC)1245648474 
040 |a CBA001  |b cze  |d BOA001  |d ABA001  |e rda 
072 7 |a 159.93/.94  |x Senzorické a motorické funkce. Emoce. Vůle  |2 Konspekt  |9 17 
072 7 |a 0/9-053.2  |x Literatura pro děti a mládež (naučná)  |2 Konspekt  |9 26 
080 |a 159.942  |2 MRF 
080 |a 37.03-053.2  |2 MRF 
080 |a 316.356.2-055.71  |2 MRF 
080 |a 316.472-055.71  |2 MRF 
080 |a (035)  |2 MRF 
080 |a (0:82-32)  |2 MRF 
080 |a (0.053.2)  |2 MRF 
100 1 |a Dostálová, Michaela  |7 mzk2014806123  |4 aut 
245 1 0 |a Emušáci.  |p Pája a bleší cirkus /  |c Michaela Váchová, Michala Lenderová, Radka Schillerová, Tereza Ševčíková ; ilustrovala Anna Bergmannová 
246 3 0 |a Pája a bleší cirkus 
250 |a Vydání: první 
264 1 |a Praha :  |b Scio,  |c 2019 
300 |a 125 stran :  |b barevné ilustrace ;  |c 26 cm +  |e 2 plyšové hračky + 4 plyšové blechy v látkovém pytlíku 
336 |a text  |b txt  |2 rdacontent 
337 |a bez média  |b n  |2 rdamedia 
338 |a svazek  |b nc  |2 rdacarrier 
338 |a objekt  |b nr  |2 rdacarrier 
500 |a Publikace s hračkami uložena v papírové krabici 45 x 25 x 18 cm 
650 0 7 |a emoce  |7 ph114465  |2 czenas 
650 0 7 |a emoční inteligence  |7 ph119926  |2 czenas 
650 0 7 |a výchova dítěte  |7 ph127420  |2 czenas 
650 0 7 |a sourozenci  |7 ph125877  |2 czenas 
650 0 7 |a sourozenecké konstelace  |7 ph138693  |2 czenas 
650 0 9 |a emotions  |2 eczenas 
650 0 9 |a emotional intelligence  |2 eczenas 
650 0 9 |a child rearing  |2 eczenas 
650 0 9 |a siblings  |2 eczenas 
650 0 9 |a sibling constellations  |2 eczenas 
655 7 |a příručky  |7 fd133209  |2 czenas 
655 7 |a příběhy  |7 fd133204  |2 czenas 
655 7 |a publikace pro děti  |7 fd133156  |2 czenas 
655 9 |a handbooks and manuals  |2 eczenas 
655 9 |a stories  |2 eczenas 
655 9 |a children's literature  |2 eczenas 
700 1 |a Lenderová, Michala,  |d 1981-  |7 mzk20201082719  |4 aut 
700 1 |a Schillerová, Radka  |7 mzk20201082727  |4 aut 
700 1 |a Ševčíková, Tereza  |7 mzk20201082731  |4 aut 
700 1 |a Bergmannová, Anna,  |d 1993-  |7 hka20191033880  |4 ill 
910 2 |a BOA001  |b 3-1452.358 
920 |a 0907242  |z CBA001 
990 |a BK 
995 |a 01 
991 |b 202008  |c NOV 
996 6 |b 2610834077  |c 3-1452.358  |l MZK  |r Sklad / do 1 hodiny  |n 7  |p p.v.  |w 001818215  |u 000010  |a 1  |e BOA001  |j MZK50  |s P